Tu Martí / (Registro nro. 13173)

Detalles MARC
000 -LEADER
fixed length control field 00598nam a22002057a 4500
003 - CONTROL NUMBER IDENTIFIER
control field DO-SdBNP
005 - DATE AND TIME OF LATEST TRANSACTION
control field 20171128135656.0
008 - FIXED-LENGTH DATA ELEMENTS--GENERAL INFORMATION
fixed length control field 171128b 1984 cu ||||| |||| 00| 0 spa d
040 ## - CATALOGING SOURCE
Original cataloging agency BPMSU
Language of cataloging spa
Transcribing agency BPMSU
092 ## - LOCALLY ASSIGNED DEWEY CALL NUMBER (OCLC)
Classification number xxxx
Item number xxxx
100 1# - MAIN ENTRY--PERSONAL NAME
Personal name Martín Fernández, Aida Matilde
245 10 - TITLE STATEMENT
Title Tu Martí /
Statement of responsibility, etc. selección Aida Matilde Martín.
260 ## - PUBLICATION, DISTRIBUTION, ETC. (IMPRINT)
Place of publication, distribution, etc. La Habana :
Name of publisher, distributor, etc. Gente Nueva,
Date of publication, distribution, etc. 1984.
300 ## - PHYSICAL DESCRIPTION
Extent 40 p. ;
Dimensions 18 cm.
490 1# - SERIES STATEMENT
Series statement Gente Nueva., Selección
830 #0 - SERIES ADDED ENTRY--UNIFORM TITLE
Uniform title Gente Nueva., Selección
942 ## - ADDED ENTRY ELEMENTS (KOHA)
Source of classification or shelving scheme Dewey Decimal Classification
Koha item type Libros
945 ## - LOCAL PROCESSING INFORMATION (OCLC)
a Inventariado
956 ## - LOCAL ELECTRONIC LOCATION AND ACCESS (OCLC)
Host name LOPEREZ
Access number 10
Compression information 20171128
Processor of request 0041
Existencias
Withdrawn status Lost status Source of classification or shelving scheme Damaged status Not for loan Collection code Home library Current library Date acquired Source of acquisition Total Checkouts Barcode Date last seen Price effective from Koha item type
    Dewey Decimal Classification     Colección General Biblioteca Pública Metropolitana Salomé Ureña Biblioteca Pública Metropolitana Salomé Ureña 11/28/2017 FUNDI   BPMSU17110501 11/28/2017 11/28/2017 Libros